000 00421nam a22001817a 4500
003 MPLRDC
005 20220104144318.0
008 210129b ||||| |||| 00| 0 eng d
020 _a983-9860-38-0
082 _a225 SJC-11 c.2
100 _a释继程著
245 _a僧伽静七开示录
_c
250 _a初版
260 _a
_b十方出版社
_c2000
300 _b
650 _a
942 _cBK
_o225 SJC-11 c.2
999 _c48399
_d48389